Catálogo público

El siglo XVIII (Record no. 77742)

MARC details
000 -CABECERA
campo de control de longitud fija 00845cam a2200265 a 4500
003 - IDENTIFICADOR DEL NÚMERO DE CONTROL
campo de control CHAP
005 - FECHA Y HORA DE LA ÚLTIMA TRANSACCIÓN
campo de control 20220329142045.0
008 - DATOS DE LONGITUD FIJA--INFORMACIÓN GENERAL
campo de control de longitud fija 990506d1992 es r 00010 spa d
010 ## - NÚMERO DE CONTROL DE LA BIBLIOTECA DEL CONGRESO
Número de control de LC 77742
011 ## - ENLACE DEL NUMERO DE CONTROL DE LA BIBLIOTECA DEL CONGRESO [OBSOLETO]
Número de control de LC 78714
035 ## - NÚMERO DE CONTROL DEL SISTEMA
Número de control de sistema 88745
040 ## - FUENTE DE LA CATALOGACIÓN
Centro/agencia transcriptor CHAP
090 ## - LOCALMENTE ASIGNADO TIPO-LC NÚMERO DE CLASIFICACIÓN (OCLC); NÚMERO DE CLASIFICACIÓN LOCAL (RLIN)
Número de clasificación (OCLC) (R) ; Numero de clasificación, CALL (RLIN) (NR) R-3613
100 00 - ENTRADA PRINCIPAL--NOMBRE DE PERSONA
Nombre de persona Dampier, William Cecil.
9 (RLIN) 31007
245 13 - MENCIÓN DE TÍTULO
Título El siglo XVIII
Mención de responsabilidad, etc. /por William Cecil Dampier
500 ## - NOTA GENERAL
Nota general Sobretiro de: Historia de la ciencia y sus relaciones con la filosofía y la religión. Madrid : Tecnos. pp. 205-225, 1992.
590 ## - NOTA LOCAL (RLIN)
Nota local BATCH-UPD
Procedencia (VM) [OBSOLETO] 10
Condición del los carretes individuales (VM) [OBSOLETO] 20130110
-- UCH01
-- 1741
590 ## - NOTA LOCAL (RLIN)
Nota local CONVERSION
Procedencia (VM) [OBSOLETO] 10
Condición del los carretes individuales (VM) [OBSOLETO] 20130109
-- UCH01
-- 1343
650 14 - PUNTO DE ACCESO ADICIONAL DE MATERIA--TÉRMINO DE MATERIA
Término de materia o nombre geográfico como elemento de entrada Ciencia
Subdivisión general Historia.
9 (RLIN) 23125
901 ## - ELEMENTOS DE DATOS A LOCAL LDA (RLIN)
a BK
905 ## - ELEMENTOS DE DATOS E LOCAL, LDE (RLIN)
a Guadalupe Pinto C.
942 ## - ELEMENTOS DE PUNTO DE ACCESO ADICIONAL (KOHA)
Tipo de ítem Koha Folleto
949 ## - PROCESAMIENTO DE INFORMACIÓN LOCAL (OCLC)
a R-3613
b BC
c R
d 887451
e TS1
i 88745
s b
949 ## - PROCESAMIENTO DE INFORMACIÓN LOCAL (OCLC)
a R-3613
b BC
c R
d 887452
e TS2
f c.2
i 88745
s b
Holdings
Estado de retiro Estado de pérdida Estado dañado Restricciones de uso No para préstamo Código de colección Localización permanente Ubicación/localización actual Ubicación en estantería Fecha de adquisición Información codificada de la localización en otra ubicación Total de préstamos Signatura topográfica completa Código de barras Fecha visto por última vez Número de copia Precio válido a partir de Tipo de ítem Koha Nota pública
      Préstamo interno   Reimpresos Biblioteca Central Biblioteca Central Planta alta - Área de Tesis - Reimpresos 17/12/2012 FOLL   R-3613 887452 31/12/2019 c.2 31/12/2019 Reimpreso Recien adquirido
      Préstamo interno2 Excluido de préstamo Reimpresos Biblioteca Central Biblioteca Central Planta alta - Área de Tesis - Reimpresos 17/12/2012 REIMP   R-3613 887451 31/12/2019   31/12/2019 Reimpreso Recien adquirido